000 00569nam a22001937a 4500
005 20251108170011.0
008 250721s1987 xx 000 0 ara d
082 1 4 _aط/ق/جرن
100 1 _aجرنيت، نينا
245 1 0 _aحكايات بالصور /
264 1 _aموسكو :
_bدار رادوغا،
_c1987.
300 _a48ص
650 1 7 _aأدب الأطفال
700 1 _aسكايا، ناتاليا ديلاكتور
700 1 _aخارمس، دانيال
700 1 _aيوسف، أبو بكر
_eترجمة
942 _2ddc
_cBK
999 _c37029
_d37029